Taylor Swift 56 - Statistics

General Stats
  • This quiz has been taken 13 times
  • The average score is 292 of 376
Answer Stats
Answer % Correct
a
100%
he
100%
I
100%
it
100%
know
100%
me
100%
my
100%
that
100%
the
100%
to
100%
you
100%
an
90%
and
90%
I'll
90%
in
90%
it's
90%
like
90%
on
90%
so
90%
think
90%
we
90%
where
90%
at
80%
go
80%
got
80%
him
80%
his
80%
I'm
80%
knows
80%
one
80%
when
80%
ain't
70%
all
70%
am
70%
'cause
70%
get
70%
gotta
70%
mine
70%
no
70%
see
70%
tell
70%
there
70%
under
70%
up
70%
wanna
70%
want
70%
with
70%
17
60%
architect
60%
attitude
60%
avenue
60%
body
60%
boy
60%
boyish
60%
can't
60%
dark
60%
down
60%
drawing
60%
drive
60%
footprints
60%
gonna
60%
he'll
60%
he's
60%
lead
60%
look
60%
make
60%
man
60%
myself
60%
night
60%
nobody
60%
obsessed
60%
plans
60%
sidewalk
60%
skipping
60%
sparks
60%
stop
60%
understand
60%
understands
60%
what's
60%
whisper
60%
16th
50%
ah
50%
alone
50%
around
50%
better
50%
bless
50%
could
50%
every
50%
eyes
50%
follow
50%
good
50%
hand
50%
heartbeat
50%
he'd
50%
home
50%
indigo
50%
lock
50%
lyrical
50%
mean
50%
never
50%
oh
50%
ones
50%
or
50%
smile
50%
soul
50%
stay
50%
stick
50%
wait
50%
won't
50%
baby
40%
cold
40%
glass
40%
hands
40%
thigh
40%
No matching quizzes found
Score Distribution
Percent of People with Each Score
Percentile by Number Answered
Your Score History
You have not taken this quiz